Cookie Run Kingdom Characters - Statistics

General Stats
  • This quiz has been taken 65 times
  • The average score is 41 of 88
Answer Stats
Hint Answer % Correct
Common Gingerbrave
91%
Legendary Sea fairy
88%
Ancient Pure vanilla
85%
Ancient Hollyberry
82%
Common Strawberry
82%
Ancient Dark Cacao
79%
Common Muscle
79%
Common Wizard
79%
Epic Espresso
73%
Special V
73%
Legendary Black Pearl
70%
Epic Dark Choco
70%
Rare Knight
67%
Common Angel
64%
Common Beet
64%
Rare Blackberry
64%
Legendary Frost queen
64%
Common Ninja
64%
Super epic Oyster
64%
Rare Carrot
61%
Epic Latte
61%
Super epic Clotted Cream
58%
Rare Devil
58%
Rare Princess
58%
Epic Milk
55%
Special Sonic
55%
Special Tails
55%
Rare Adventurer
52%
Epic Chili Pepper
52%
Epic Licorice
52%
Rare Onion
52%
Epic Strawberry Crepe
52%
Epic Vampire
52%
Epic Black Raisin
48%
Epic Cream Puff
48%
Rare Custard
48%
Special Jimin
48%
Special Rm
48%
Rare Alchemist
45%
Rare Avocado
45%
Rare Clover
45%
Epic Cotton
45%
Special J Hope
45%
Special Jung Kook
45%
Epic Pomegranate
45%
Epic Raspberry
45%
Epic Sparkling
45%
Epic Squid Ink
45%
Special Suga
45%
Rare Pancake
42%
Epic Poison Mushroom
42%
Epic Pumpkin Pie
42%
Epic Werewolf
42%
Epic Wild Berry
42%
Epic Cocoa
39%
Rare Gumball
39%
Epic Herb
39%
Epic Mint Choco
39%
Epic Purple Yam
39%
Epic Almond
36%
Rare Cherry
36%
Epic Fig
36%
Epic Financier
36%
Special Jin
36%
Epic Parfait
36%
Epic Red Velvet
36%
Epic Tea knight
36%
Epic Crunchy Chip
33%
Epic Rye
33%
Epic Affagato
30%
Epic Eclair
30%
Epic Madeleine
30%
Epic Twizzly Gummy
30%
Epic Cream Unicorn
27%
Epic Lilac
27%
Epic Snow Sugar
27%
Epic Cherry Blossom
24%
Epic Mala Sauce
24%
Epic Mango
24%
Epic Pastry
24%
Epic Captain Caviar
21%
Epic Moon Rabbit
21%
Epic Tiger Lily
21%
Epic Schwarzwalder
15%
Epic Candy Diver
12%
Epic Kumiho
12%
Epic Sobert Shark
6%
Epic Caramel Apple
0%
No matching quizzes found
Score Distribution
Percent of People with Each Score
Percentile by Number Answered
Your Score History
You have not taken this quiz